Responses for Champions Wildcard play-in game #3 - Friday, February 2, 2024

2024 Champions Wildcard play-in game 3.
Game entered from TuneIn audio presentation.

Contestants

[<< previous game]

Ilena Di Toro, a public relations specialist from Philadelphia, Pennsylvania

Ed Petersen, a planning technician from Orlando, Florida

Eric Anderson, a director of customer success from Brooklyn, New York

Jeopardy! Round responses

IDEAS FOR TOURISM CAMPAIGNS
(Buzzy: You're gonna name the country that might run each campaign.)
BROADWAY HIT ALIASES
SCIENTIFIC & MEDICAL ABBREVIATIONS
OCCUPATIONS
H.P. SAUCE
(Buzzy: An example response in that category might be "Houses of Parliament".)
NATO PHONETIC ALPHABET CODE WORDS
    $200 30
(Ilena: What is Alberta?)
(Ed: What is Saskatchewan?)

Canada

EdIlena
Triple Stumper
    $200 24
Oklahoma!

Ed
    $200 23
Ursa Major

Eric
    $200 14
a farrier (or blacksmith)

Ed
    $200 3
(Ilena: What is Hush Puppy?)
[Accepted without remark]

Hush Puppies

Ilena
    $200 25
uniform

Ed
    $400 9
Iceland

Eric
    $400 8
[Ed added the word "at" before "in" in his response.]

How to Succeed in Business Without Really Trying

Ed
    $400 16
heart rate

Ed
    $400 22
lead

Ilena
    $400 4
Half Pint

Eric
    $400 26
Lima

Eric
    $600 10
Madagascar

Eric
    $600 1
(Eric: What is Fences?)

Hair

Eric
Triple Stumper
    $600 17
genetically modified

Ed
    $600 2
a glazier

Triple Stumper
    $600 5
hydrogen peroxide

Eric
    $600 27
hotel

Ed
    $800 11
(Eric: What is... Turkey?)

Panama

EricEd
    $800 20
Funny Girl

Eric
    $800 18
tympanic membrane

Ed
    $800 13
a snake charmer

Ilena
    $800 6
hard palate

Eric
    $800 28
foxtrot

Ed
    $1000 12
(Ed: What is Herzegovina?)

Slovakia

Ed
Triple Stumper
    $1000 21
Tobacco Road

Triple Stumper
    $1000 19
cerebral palsy

Eric
    $1000 15
(Ed: What is actuary?)

adjuster

Ed
Triple Stumper
    $1,200 7
(Eric: What is... uh...)

hoi polloi

Eric
    $1000 29
golf

Ilena

Scores at the first commercial break (after clue 15):

Eric Ed Ilena
$200 -$600 $1,000

Scores at the end of the Jeopardy! Round:

Eric Ed Ilena
$2,600 $2,800 $2,200

Double Jeopardy! Round responses

LITERATURE
PICK YOUR POISON
RHYMING FOLKS
MISCELLANY
WILL YOU STILL NEED "ME"
WHEN I'M 64
    $400 1
Canterbury

Ed
    $400 11
mushrooms

Ed
    $400 22
Shaquille O'Neal

Ed
    $400 4
1969

Ed
    $400 14
meatballs

Ed
    $400 19
Dumbo

Ed
    $800 2
Little Mermaid

Ed
    $800 12
henbane

Triple Stumper
    $800 23
Jack Black

Eric
    $800 7
lotus

Ed
    $800 15
meteorology

Eric
    $800 20
Rome

Ilena
    $1200 3
(Ed: What is Atlas Shrugged?)

The Fountainhead

EricEd
    $2,200 13
nightshade

Ed
    $1200 24
Harry Caray

Ed
    $1200 8
Earrings

Triple Stumper
    $1200 16
the Mekong

Ed
    $1200 21
(Ed: What is Kilauea?)

Mauna Loa

EricEd
    $2,200 5
(Ed: What is noir?)

Gothic

Ed
    $1600 30
foxglove

Triple Stumper
    $1600 25
(Ed: Who is Faye Dunaway?)

Fay Wray

EricEd
    $1600 9
Aston Martin

Ilena
    $1600 17
methinks

Eric
    $1600 27
"The Minute Waltz"

Triple Stumper
    $2000 6
Nat Turner

Ed
    $2000 29
Jamestown (weed) (or Jimsonweed)

Ilena
    $2000 26
Cheri Oteri

Eric
    $2000 10
American Pastoral

Triple Stumper
    $2000 18
(Edwin) Meese

Ilena
    $2000 28
(Ilena: What is the Chinese zodiac?)

the I Ching

Ilena
Triple Stumper

Scores at the end of the Double Jeopardy! Round:

Eric Ed Ilena
$11,800 $7,200 $6,600

[wagering suggestions for these scores]

Final Jeopardy! Round responses

LANDMARKS
(Buzzy: [To Ilena] Yes, this is the Catholic church presided over by the pope.)
IlenaWhat is $ St. Peter's Basilica?
$5,201
EdWhat is St. Peter's Basilica
$7,200
EricWhat is the Cistine Chapel?
$2,601
St. Peter's Basilica

Final scores:

Eric Ed Ilena
$9,199 $14,400 $11,801
3rd place Winner: advance to Champions Wildcard 2nd place

Game dynamics:

Coryat scores:

Eric Ed Ilena
$13,000 $8,400 $6,600
16 R,
3 W
(including 1 DD)
22 R
(including 1 DD),
7 W
(including 1 DD)
8 R,
2 W

Combined Coryat: $28,000

[game clues] [game scores] [suggest correction]

Game tape date: 2024-01-17
The J! Archive is created by fans, for fans. Scraping, republication, monetization, and malicious use prohibited; this site may use cookies and collect identifying information. See terms. The Jeopardy! game show and all elements thereof, including but not limited to copyright and trademark thereto, are the property of Jeopardy Productions, Inc. and are protected under law. This website is not affiliated with, sponsored by, or operated by Jeopardy Productions, Inc. Join the discussion at JBoard.tv.